[Event "March TNT"]
[Site "Winnipeg CAN"]
[Date "2006.03.28"]
[Round "4"]
[White "Oberton, Daniel"]
[Black "Wasserman, Arie"]
[Result "1-0"]
[WhiteElo "1744"]
[BlackElo "1537"]
[PlyCount "55"]
[EventDate "2006.03.07"]
[EventType "swiss"]
[EventRounds "4"]
[EventCountry "CAN"]

1. e4 e5 2. f4 d6 3. Nf3 Nc6 4. Bc4 Bg4 5. c3 Nf6 6. d3 a6 7. O-O d5 8. exd5
Nxd5 9. fxe5 Bc5+ 10. d4 Bb6 11. Qe1 O-O 12. Qg3 h5 13. h3 Bf5 14. Ng5 Bg6 15.
Nxf7 Rxf7 16. Qxg6 Nxe5 17. Qe6 c6 18. Qxe5 Rxf1+ 19. Kxf1 Qf8+ 20. Bf4 Kh8 21.
Qxh5+ Kg8 22. Bxd5+ cxd5 23. Qxd5+ Kh8 24. g3 Bc7 25. Qg5 Qf7 26. Nd2 Bd8 27.
Qe5 Bc7 28. Qxc7 1-0

[Event "March TNT"]
[Site "Winnipeg CAN"]
[Date "2006.03.28"]
[Round "4"]
[White "Rumpel, Chris"]
[Black "Tang, Edward"]
[Result "0-1"]
[WhiteElo "1583"]
[BlackElo "1991"]
[PlyCount "83"]
[EventDate "2006.03.07"]
[EventType "swiss"]
[EventRounds "4"]
[EventCountry "CAN"]

1. d4 d5 2. c4 e6 3. Nc3 Nf6 4. Bg5 Be7 5. e3 O-O 6. Nf3 Ne4 7. Bxe7 Qxe7 8.
cxd5 Nxc3 9. bxc3 exd5 10. Bd3 Rd8 11. O-O c5 12. Qc2 h6 13. c4 Be6 14. dxc5
Qxc5 15. cxd5 Qxc2 16. Bxc2 Bxd5 17. Rfd1 Nc6 18. e4 Bc4 19. Bb3 Be2 20. Re1
Bxf3 21. gxf3 Nd4 22. Kg2 Nxb3 23. axb3 Kf8 24. Red1 Ke7 25. Kf1 Rxd1+ 26. Rxd1
Rc8 27. Ke2 Rc2+ 28. Rd2 Rxd2+ 29. Kxd2 g5 30. Ke3 Kd6 31. f4 gxf4+ 32. Kxf4 a5
33. Kf5 b5 34. e5+ Kd5 35. f4 a4 36. bxa4 b4 37. Kf6 b3 38. Kxf7 b2 39. e6 b1=Q
40. e7 Qf5+ 41. Kg7 Qe6 42. Kf8 0-1

[Event "March TNT"]
[Site "Winnipeg CAN"]
[Date "2006.03.28"]
[Round "4"]
[White "Trueman, Francis"]
[Black "Gibson, Fred"]
[Result "1-0"]
[WhiteElo "1464"]
[BlackElo "1110"]
[PlyCount "54"]
[EventDate "2006.03.07"]
[EventType "swiss"]
[EventRounds "4"]
[EventCountry "CAN"]

1. Nf3 d5 2. d3 Nf6 3. Nbd2 e6 4. g3 Bd6 5. Bg2 O-O 6. O-O Nc6 7. c3 e5 8. e4
d4 9. c4 Nb4 10. Qb3 c5 11. a3 b6 12. axb4 cxb4 13. Re1 a5 14. Nf1 Be6 15. Qd1
Bd7 16. b3 Re8 17. h4 Bg4 18. N1h2 Qd7 19. Nxg4 Qxg4 20. Kh2 Qd7 21. Rg1 Ng4+
22. Kh3 Nxf2+ 23. Kh2 Nxd1 24. Rxd1 Qb7 25. Bh3 f6 26. Rg1 b5 27. g4 Be7 1-0

[Event "March TNT"]
[Site "Winnipeg CAN"]
[Date "2006.03.28"]
[Round "4"]
[White "Wood, Nathan"]
[Black "Kwiatek, Jordan"]
[Result "0-1"]
[WhiteElo "1549"]
[BlackElo "1746"]
[PlyCount "60"]
[EventDate "2006.03.07"]
[EventType "swiss"]
[EventRounds "4"]
[EventCountry "CAN"]

1. c4 e5 2. Nc3 f5 3. Nf3 Nc6 4. d3 Nf6 5. e3 Bb4 6. Be2 Bxc3+ 7. bxc3 d5 8.
cxd5 Nxd5 9. Qc2 Be6 10. O-O Qf6 11. a3 g5 12. e4 Nf4 13. Bxf4 gxf4 14. d4 fxe4
15. dxe5 Qg6 16. Nh4 Qg5 17. g3 Rg8 18. Kh1 Bh3 19. Rg1 Qxe5 20. Qb3 O-O-O 21.
gxf4 Rxg1+ 22. Rxg1 Qxf4 23. Ng2 Qxf2 24. Bc4 Na5 25. Be6+ Kb8 26. Qa2 Rd2 27.
Qxd2 Qxd2 28. Nf4 Bxe6 29. Nxe6 a6 30. Rg8+ Ka7 0-1

[Event "Mating Season op"]
[Site "Winnipeg CAN"]
[Date "2006.04.21"]
[Round "1"]
[White "Anderson, George"]
[Black "Rutter, Blair"]
[Result "0-1"]
[WhiteElo "1524"]
[BlackElo "1855"]
[PlyCount "84"]
[EventDate "2006.04.21"]
[EventType "swiss"]
[EventRounds "5"]
[EventCountry "CAN"]

1. b4 e5 2. Bb2 d6 3. c4 Be6 4. e3 f5 5. h4 Nf6 6. Nf3 h6 7. Nc3 Be7 8. h5 Nbd7
9. d4 e4 10. Nh4 Nf8 11. d5 Bd7 12. Ne2 Rg8 13. Nf4 Ng4 14. Nhg6 Bf6 15. Bd4 c6
16. Rc1 a5 17. b5 c5 18. Bxf6 Qxf6 19. Nxf8 Rxf8 20. Be2 Ne5 21. Qd2 b6 22. Rd1
O-O-O 23. Rc1 Rh8 24. Bf1 Rdf8 25. Ne2 Nd3+ 26. Kd1 Nxf2+ 27. Ke1 Nxh1 28. Nc3
Qh4+ 29. Kd1 Ng3 30. Na4 Kb7 31. Qb2 Qxh5+ 32. Kc2 Rf7 33. Kb1 Qg5 34. Qf2 Rhf8
35. Qf4 Qxf4 36. exf4 g5 37. Nc3 gxf4 38. Be2 Re7 39. Rc2 h5 40. Nd1 h4 41. Nf2
Rfe8 42. Nh3 Nxe2 0-1

[Event "Mating Season op"]
[Site "Winnipeg CAN"]
[Date "2006.04.21"]
[Round "1"]
[White "Gibbons, Lorne"]
[Black "Cleto, Sam"]
[Result "0-1"]
[WhiteElo "1317"]
[BlackElo "1816"]
[PlyCount "35"]
[EventDate "2006.04.21"]
[EventType "swiss"]
[EventRounds "5"]
[EventCountry "CAN"]

1. d4 Nf6 2. c4 e6 3. a3 Be7 4. Nc3 b5 5. Nxb5 O-O 6. Bf4 c5 7. dxc5 Bxc5 8. b4
e5 9. Bxe5 Bxf2+ 10. Kxf2 Ng4+ 11. Ke1 Nxe5 12. c5 Bb7 13. Nf3 Qf6 14. Nc7 Nbc6
15. Nxa8 Nxf3+ 16. gxf3 Bxa8 17. Ra2 Re8 18. Rd2 0-1

[Event "Mating Season op"]
[Site "Winnipeg CAN"]
[Date "2006.04.21"]
[Round "1"]
[White "Khedkar, Jay"]
[Black "Wasserman, Leor"]
[Result "1-0"]
[WhiteElo "1854"]
[BlackElo "1337"]
[PlyCount "47"]
[EventDate "2006.04.21"]
[EventType "swiss"]
[EventRounds "5"]
[EventCountry "CAN"]

1. e4 e5 2. Nf3 Nc6 3. Bb5 d6 4. d4 exd4 5. Qxd4 Bd7 6. Bxc6 bxc6 7. Nc3 Nf6 8.
O-O Be7 9. e5 c5 10. Qd3 dxe5 11. Nxe5 O-O 12. Bg5 Be6 13. Qxd8 Raxd8 14. Nc6
Rd7 15. Nxe7+ Rxe7 16. Rfe1 Rd8 17. Ne4 Rb8 18. Rad1 Rd7 19. Nxf6+ gxf6 20.
Rxd7 Bxd7 21. Bxf6 Rb6 22. Rd1 Rd6 23. Rxd6 cxd6 24. Be7 1-0

[Event "Mating Season op"]
[Site "Winnipeg CAN"]
[Date "2006.04.21"]
[Round "1"]
[White "Milord, Frank"]
[Black "Tang, Edward"]
[Result "0-1"]
[WhiteElo "1567"]
[BlackElo "1995"]
[PlyCount "52"]
[EventDate "2006.04.21"]
[EventType "swiss"]
[EventRounds "5"]
[EventCountry "CAN"]

1. e4 e5 2. Nf3 Nf6 3. Nxe5 d6 4. Nf3 Nxe4 5. d4 d5 6. Bd3 Nc6 7. O-O Be7 8. c4
Nb4 9. a3 Nxd3 10. Qxd3 Bf5 11. Qb3 dxc4 12. Qxb7 O-O 13. Qb5 Nd6 14. Qa4 Bf6
15. Nc3 Re8 16. Nd5 Be4 17. Nxf6+ Qxf6 18. Ne5 c5 19. Qd1 cxd4 20. f4 Nf5 21.
g4 Bb7 22. g5 Qe6 23. Qg4 Qd5 24. Qf3 Qb5 25. Qf2 Rxe5 26. fxe5 Qd5 0-1

[Event "Mating Season op"]
[Site "Winnipeg CAN"]
[Date "2006.04.21"]
[Round "1"]
[White "Repa, Jason"]
[Black "Gannon, Keith"]
[Result "1-0"]
[WhiteElo "1933"]
[BlackElo "1532"]
[PlyCount "125"]
[EventDate "2006.04.21"]
[EventType "swiss"]
[EventRounds "5"]
[EventCountry "CAN"]

1. f4 e6 2. Nf3 c5 3. e3 f5 4. b3 Be7 5. Ne5 Nf6 6. Bb2 d6 7. Bb5+ Nbd7 8. Nxd7
Bxd7 9. Bxd7+ Qxd7 10. O-O O-O 11. d3 a5 12. a4 Nd5 13. Qf3 Bf6 14. Bxf6 Nxf6
15. Nd2 d5 16. Rad1 b6 17. Rfe1 Rac8 18. e4 dxe4 19. dxe4 Qb7 20. exf5 Qxf3 21.
Nxf3 exf5 22. Rd6 Rb8 23. Re5 Ne4 24. Rd7 Rf7 25. Rxf7 Kxf7 26. Rxf5+ Kg6 27.
Re5 Nc3 28. Kf2 b5 29. axb5 Rxb5 30. g3 a4 31. bxa4 Nxa4 32. Rg5+ Kf6 33. Ke3
h6 34. Rd5 Rb6 35. Ne5 Re6 36. Kd2 Nb6 37. Rxc5 g5 38. Ng4+ Ke7 39. fxg5 hxg5
40. Rxg5 Nc4+ 41. Kc3 Rc6 42. Rg7+ Kf8 43. Rg5 Ne3+ 44. Kd3 Nxc2 45. h4 Ne1+
46. Ke2 Nc2 47. h5 Nd4+ 48. Kd3 Rd6 49. Ke4 Rd7 50. Rg8+ Kxg8 51. Nf6+ Kh8 52.
Nxd7 Ne6 53. Kf5 Ng7+ 54. Kg6 Kg8 55. Nf6+ Kh8 56. g4 Ne6 57. Ne4 Kg8 58. Kf6
Ng7 59. h6 Ne8+ 60. Ke7 Nc7 61. Nf6+ Kh8 62. g5 Nb5 63. g6 1-0

[Event "Mating Season op"]
[Site "Winnipeg CAN"]
[Date "2006.04.22"]
[Round "2"]
[White "Cleto, Sam"]
[Black "Repa, Jason"]
[Result "0-1"]
[WhiteElo "1816"]
[BlackElo "1933"]
[PlyCount "40"]
[EventDate "2006.04.21"]
[EventType "swiss"]
[EventRounds "5"]
[EventCountry "CAN"]

1. Nf3 e6 2. e4 d5 3. e5 c5 4. c3 Nc6 5. Bb5 Bd7 6. Bxc6 Bxc6 7. d4 Bb5 8. Ng5
h6 9. Qh5 g6 10. Qh3 Bg7 11. Nf3 cxd4 12. cxd4 Ne7 13. Nc3 Ba6 14. Bd2 Qb6 15.
b4 Qxb4 16. Ne4 Qb2 17. Nd6+ Kd7 18. Rd1 Nc6 19. Rc1 Nb4 20. Ng1 Nd3+ 0-1

[Event "Mating Season op"]
[Site "Winnipeg CAN"]
[Date "2006.04.22"]
[Round "2"]
[White "Einarsson, Ken"]
[Black "Prince, Colin"]
[Result "0-1"]
[WhiteElo "1600"]
[BlackElo "1876"]
[PlyCount "56"]
[EventDate "2006.04.21"]
[EventType "swiss"]
[EventRounds "5"]
[EventCountry "CAN"]

1. d4 Nf6 2. c4 g6 3. Nc3 Bg7 4. e4 O-O 5. Nf3 d6 6. Be2 b6 7. O-O Bb7 8. d5 e6
9. Bg5 h6 10. Bh4 g5 11. Bg3 Nbd7 12. h4 g4 13. Nd4 h5 14. dxe6 Nc5 15. exf7+
Rxf7 16. f3 gxf3 17. Bxf3 Qd7 18. e5 dxe5 19. Bxb7 Nxb7 20. Bxe5 Ng4 21. Bxg7
Qd6 22. Nf3 Rxf3 23. Rxf3 Qh2+ 24. Kf1 Qh1+ 25. Ke2 Qxg2+ 26. Kd3 Nc5+ 27. Kd4
Kxg7 28. b4 Rd8+ 0-1

[Event "Mating Season op"]
[Site "Winnipeg CAN"]
[Date "2006.04.22"]
[Round "2"]
[White "Rutter, Blair"]
[Black "Moffat, Ron"]
[Result "1-0"]
[WhiteElo "1855"]
[BlackElo "1722"]
[PlyCount "53"]
[EventDate "2006.04.21"]
[EventType "swiss"]
[EventRounds "5"]
[EventCountry "CAN"]

1. c4 Nf6 2. g3 g6 3. Bg2 Bg7 4. Nc3 d6 5. e4 c5 6. Nge2 Nc6 7. O-O O-O 8. h3
Bd7 9. d3 Qc8 10. Kh2 Ne8 11. Be3 f5 12. Qd2 fxe4 13. Nxe4 Ne5 14. f4 Nc6 15.
N2c3 Nf6 16. Rf2 Nxe4 17. Nxe4 Nd4 18. Re1 Nf5 19. Rfe2 e5 20. fxe5 Bxe5 21.
Bf4 Nd4 22. Rf2 Bxf4 23. Rxf4 Nf5 24. Ref1 Qc7 25. R4f2 Bc6 26. Qg5 Kg7 27.
Rxf5 1-0

[Event "Mating Season op"]
[Site "Winnipeg CAN"]
[Date "2006.04.22"]
[Round "2"]
[White "Tang, Edward"]
[Black "Khedkar, Jay"]
[Result "1-0"]
[WhiteElo "1995"]
[BlackElo "1854"]
[PlyCount "61"]
[EventDate "2006.04.21"]
[EventType "swiss"]
[EventRounds "5"]
[EventCountry "CAN"]

1. d4 d5 2. c4 e6 3. Nc3 Nf6 4. Bg5 Nbd7 5. e3 c6 6. Nf3 Qa5 7. Nd2 Bb4 8. Qc2
O-O 9. g3 dxc4 10. Bxf6 Nxf6 11. Nxc4 Qd5 12. Rg1 c5 13. O-O-O Bxc3 14. Qxc3
Ne4 15. Qc2 f5 16. f3 Nf6 17. Bg2 b5 18. f4 Ne4 19. Nd2 Bb7 20. Bxe4 fxe4 21.
dxc5 Qxa2 22. Qc3 Qa6 23. Qb4 Rac8 24. Kb1 Bd5 25. b3 Qc6 26. Rc1 Qb7 27. Kb2
Rc6 28. Rc2 Ra8 29. Ra1 Ra6 30. Rxa6 Qxa6 31. Nxe4 1-0

[Event "Mating Season op"]
[Site "Winnipeg CAN"]
[Date "2006.04.22"]
[Round "2"]
[White "Wasserman, Leor"]
[Black "Milord, Frank"]
[Result "1/2-1/2"]
[WhiteElo "1337"]
[BlackElo "1567"]
[PlyCount "105"]
[EventDate "2006.04.21"]
[EventType "swiss"]
[EventRounds "5"]
[EventCountry "CAN"]

1. e4 c5 2. Nf3 Nc6 3. d4 cxd4 4. Nxd4 Nf6 5. Nc3 e5 6. Nf3 Bb4 7. Bd3 O-O 8.
O-O Bxc3 9. bxc3 d6 10. Re1 h6 11. Bc4 Be6 12. Bxe6 fxe6 13. Ba3 Ne8 14. Qd2
Rf7 15. Rad1 Qa5 16. Bxd6 Rd8 17. Bb4 Rxd2 18. Bxa5 Rxd1 19. Rxd1 Nxa5 20. Nxe5
Rc7 21. Rd8 Kf8 22. Ng6+ Kf7 23. Nf4 Nc6 24. Ra8 Rd7 25. h3 Rd8 26. Rxd8 Nxd8
27. Kf1 Nd6 28. f3 Nc4 29. Ke2 Nc6 30. Kd3 N6e5+ 31. Kd4 g5 32. Nd3 Kf6 33. Nc5
Na3 34. Ke3 b6 35. Nb3 Nxc2+ 36. Kd2 Na3 37. Nd4 Nac4+ 38. Ke2 a6 39. g3 Nb2
40. f4 gxf4 41. gxf4 Nec4 42. h4 e5 43. fxe5+ Kxe5 44. Nf5 Kxe4 45. Nxh6 Ne5
46. Ng8 Ng4 47. h5 Kf5 48. Kf3 Kg5 49. Ne7 Kxh5 50. Nd5 Ne5+ 51. Ke4 Nbc4 52.
Kd4 b5 53. Nf4+ 1/2-1/2

[Event "Mating Season op"]
[Site "Winnipeg CAN"]
[Date "2006.04.22"]
[Round "3"]
[White "Anderson, George"]
[Black "Wasserman, Leor"]
[Result "0-1"]
[WhiteElo "1524"]
[BlackElo "1337"]
[PlyCount "91"]
[EventDate "2006.04.21"]
[EventType "swiss"]
[EventRounds "5"]
[EventCountry "CAN"]

1. e4 e5 2. Nf3 Nc6 3. d4 exd4 4. c3 dxc3 5. Bc4 Bb4 6. O-O Nge7 7. Nxc3 O-O 8.
Qb3 Bxc3 9. Qxc3 d5 10. exd5 Nxd5 11. Bxd5 Qxd5 12. Be3 Bg4 13. Bf4 Rfc8 14.
Ng5 Nd4 15. Kh1 Ne2 16. Qe5 Qxe5 17. Bxe5 f6 18. f3 Bf5 19. Rfe1 Bd3 20. Ne6
Re8 21. Nc5 Rxe5 22. Nxd3 Re7 23. Rad1 Rae8 24. Nc5 Ng3+ 25. hxg3 Rxe1+ 26.
Rxe1 Rxe1+ 27. Kh2 Re2 28. b4 Rxa2 29. Nxb7 Rb2 30. Nc5 Rxb4 31. Na6 Rc4 32. g4
c6 33. Kg3 Rd4 34. Kf2 Rd8 35. Ke3 Kf7 36. g3 Ke6 37. f4 Kd5 38. Kd3 c5 39. Kc3
c4 40. Nc7+ Kc6 41. Ne6 Rd3+ 42. Kxc4 Rxg3 43. g5 h5 44. Nd4+ Kd7 45. Nf5 Rf3
46. Nxg7 0-1

[Event "Mating Season op"]
[Site "Winnipeg CAN"]
[Date "2006.04.22"]
[Round "3"]
[White "Milord, Frank"]
[Black "Gannon, Keith"]
[Result "1/2-1/2"]
[WhiteElo "1567"]
[BlackElo "1532"]
[PlyCount "72"]
[EventDate "2006.04.21"]
[EventType "swiss"]
[EventRounds "5"]
[EventCountry "CAN"]

1. e4 e5 2. Nf3 d6 3. d4 exd4 4. Nxd4 Nf6 5. Nc3 Bd7 6. Bc4 Nc6 7. O-O Be7 8.
f4 O-O 9. Kh1 Nxd4 10. Qxd4 a6 11. a4 c6 12. Be3 Ng4 13. Bg1 b5 14. axb5 axb5
15. Be2 Qc7 16. h3 Bf6 17. Qd3 Nh6 18. g4 Bxc3 19. Qxc3 f6 20. b4 Qb7 21. Bf3
Rxa1 22. Rxa1 Ra8 23. Bg2 Rxa1 24. Qxa1 Nf7 25. Bd4 Be6 26. e5 fxe5 27. fxe5
dxe5 28. Bxe5 Nxe5 29. Qxe5 Qc8 30. Qc5 Bd7 31. c4 bxc4 32. Qxc4+ Kh8 33. Be4
Qe8 34. Qc2 g6 35. Qc3+ Kg8 36. Qc4+ Qf7 1/2-1/2

[Event "Mating Season op"]
[Site "Winnipeg CAN"]
[Date "2006.04.22"]
[Round "3"]
[White "Prince, Colin"]
[Black "Rutter, Blair"]
[Result "1-0"]
[WhiteElo "1876"]
[BlackElo "1855"]
[PlyCount "119"]
[EventDate "2006.04.21"]
[EventType "swiss"]
[EventRounds "5"]
[EventCountry "CAN"]

1. e4 e6 2. d4 d5 3. e5 c5 4. c3 Bd7 5. Nf3 Nc6 6. Bd3 Qb6 7. O-O cxd4 8. cxd4
Nxd4 9. Nxd4 Qxd4 10. Nc3 Qxe5 11. Re1 Qd6 12. Nb5 Qc6 13. Bf4 f6 14. Nc7+ Kf7
15. Bb5 Qxc7 16. Bxc7 Bxb5 17. Qb3 Bc6 18. Rac1 Be7 19. Rxc6 bxc6 20. Qb7 Re8
21. Qxc6 Bb4 22. Re2 Nh6 23. a3 Nf5 24. Qb7 Be7 25. Qxa7 Rc8 26. Rc2 Rhd8 27.
h3 Rd7 28. Qb7 Nd6 29. Qb6 Nc4 30. Rxc4 dxc4 31. Bg3 Rd1+ 32. Kh2 Rb1 33. Qb7
Rd8 34. Qc6 Rxb2 35. Qxc4 Bxa3 36. Qc3 Ra2 37. Qb3 Rdd2 38. Qb7+ Be7 39. Bc7
Rd7 40. Qc6 Rad2 41. Bf4 R2d5 42. g4 e5 43. Be3 h6 44. h4 g5 45. h5 Bd8 46. Qc2
Rd3 47. Qc4+ R7d5 48. Qe4 Rd7 49. Qh7+ Ke6 50. Qxh6 Bc7 51. Qg6 Rxe3 52. fxe3
Rd2+ 53. Kg1 Rd1+ 54. Kf2 Rh1 55. Qe8+ Kd6 56. Qf7 Bd8 57. Qf8+ Be7 58. Qb8+
Ke6 59. Qb3+ Kd6 60. Qb6+ 1-0

[Event "Mating Season op"]
[Site "Winnipeg CAN"]
[Date "2006.04.22"]
[Round "3"]
[White "Repa, Jason"]
[Black "Tang, Edward"]
[Result "0-1"]
[WhiteElo "1933"]
[BlackElo "1995"]
[PlyCount "124"]
[EventDate "2006.04.21"]
[EventType "swiss"]
[EventRounds "5"]
[EventCountry "CAN"]

1. b3 d5 2. f4 Nf6 3. Nf3 c5 4. e3 e6 5. Bb2 Be7 6. Bb5+ Nbd7 7. Ne5 O-O 8.
Nxd7 Bxd7 9. Bxd7 Nxd7 10. O-O Bf6 11. Nc3 Bxc3 12. Bxc3 f6 13. Qg4 Qe7 14. d3
e5 15. fxe5 fxe5 16. e4 d4 17. Bd2 Rxf1+ 18. Rxf1 Rf8 19. Bg5 Rxf1+ 20. Kxf1
Qf7+ 21. Qf5 g6 22. Qxf7+ Kxf7 23. a4 Nf8 24. g3 Ne6 25. Bd2 b6 26. Ke2 a6 27.
Kf3 Kf6 28. h4 Kg7 29. Bg5 Kf7 30. Bd2 Nd8 31. Kg4 Nc6 32. Kg5 Kg7 33. Kg4 b5
34. axb5 axb5 35. Kg5 b4 36. Kg4 Na7 37. Kf3 Nb5 38. Ke2 Na3 39. Kd1 h6 40. Bc1
Nb1 41. Bb2 g5 42. hxg5 h5 43. Bc1 Kg6 44. Ke1 Na3 45. Kd1 Kh7 46. Bd2 Kg7 47.
Bc1 Kg6 48. Bd2 Nb5 49. Ke2 Nc7 50. Kf2 Ne6 51. Kg2 Nxg5 52. Bxg5 Kxg5 53. Kh3
Kg6 54. g4 Kg5 55. gxh5 Kxh5 56. Kg3 Kg5 57. Kh3 Kf4 58. Kh4 Ke3 59. Kg5 Kd2
60. Kf5 Kxc2 61. Kxe5 Kxd3 62. Kd5 Kc3 0-1

[Event "Mating Season op"]
[Site "Winnipeg CAN"]
[Date "2006.04.22"]
[Round "3"]
[White "Wiebe, Daniel"]
[Black "Einarsson, Ken"]
[Result "0-1"]
[WhiteElo "1231"]
[BlackElo "1600"]
[PlyCount "56"]
[EventDate "2006.04.21"]
[EventType "swiss"]
[EventRounds "5"]
[EventCountry "CAN"]

1. e4 e5 2. Nf3 Nc6 3. Bb5 Bc5 4. Nxe5 Bxf2+ 5. Kxf2 Nxe5 6. Re1 Qh4+ 7. Kg1
Ng4 8. Qf3 Qxe1+ 9. Qf1 Qxf1+ 10. Kxf1 Nxh2+ 11. Kg1 Ng4 12. Nc3 N8f6 13. d3 c6
14. Bc4 d6 15. Bg5 a5 16. a4 h6 17. Bf4 Ne5 18. Bb3 g5 19. Bg3 Nh5 20. Bh2 g4
21. Ne2 c5 22. Rf1 Rf8 23. c3 Ke7 24. d4 Nd3 25. dxc5 Nxc5 26. Rd1 Rd8 27. Bd5
Be6 28. Bxd6+ Rxd6 0-1

[Event "Mating Season op"]
[Site "Winnipeg CAN"]
[Date "2006.04.23"]
[Round "4"]
[White "Einarsson, Ken"]
[Black "Gannon, Keith"]
[Result "1-0"]
[WhiteElo "1600"]
[BlackElo "1532"]
[PlyCount "71"]
[EventDate "2006.04.21"]
[EventType "swiss"]
[EventRounds "5"]
[EventCountry "CAN"]

1. e4 e5 2. Nf3 d6 3. Bc4 Be7 4. Nc3 Nf6 5. O-O O-O 6. d3 Nc6 7. Re1 a6 8. h3
Na5 9. Bb3 Nxb3 10. axb3 Bd7 11. d4 exd4 12. Nxd4 b5 13. Nf5 Re8 14. Nd5 Nxd5
15. Qxd5 c6 16. Qd4 Bxf5 17. exf5 Qc7 18. g4 Qa7 19. Qc3 Qb6 20. g5 f6 21. g6
h6 22. Re6 Bf8 23. Be3 c5 24. Re1 Rxe6 25. fxe6 Be7 26. b4 Rc8 27. Qd3 Qc6 28.
bxc5 dxc5 29. Qd7 Kf8 30. Bf4 c4 31. Rd1 Qc5 32. Bd6 Qg5+ 33. Kf1 Re8 34. Bxe7+
Rxe7 35. Qd8+ Re8 36. e7+ 1-0

[Event "Mating Season op"]
[Site "Winnipeg CAN"]
[Date "2006.04.23"]
[Round "4"]
[White "Khedkar, Jay"]
[Black "Cleto, Sam"]
[Result "1-0"]
[WhiteElo "1854"]
[BlackElo "1816"]
[PlyCount "47"]
[EventDate "2006.04.21"]
[EventType "swiss"]
[EventRounds "5"]
[EventCountry "CAN"]

1. e4 g6 2. d4 Bg7 3. Nc3 d6 4. Bc4 Nf6 5. Qe2 O-O 6. e5 dxe5 7. dxe5 Ne8 8.
Nf3 c6 9. e6 fxe6 10. Bxe6+ Kh8 11. Ng5 Nd6 12. h4 Qa5 13. Bd2 Qe5 14. h5 gxh5
15. Rxh5 Qxe2+ 16. Kxe2 Bxe6 17. Nxe6 Rc8 18. Rah1 Bf6 19. Rxh7+ Kg8 20. g4 Na6
21. g5 Be5 22. Bf4 Bxc3 23. bxc3 Ne8 24. g6 1-0

[Event "Mating Season op"]
[Site "Winnipeg CAN"]
[Date "2006.04.23"]
[Round "4"]
[White "Rutter, Blair"]
[Black "Repa, Jason"]
[Result "0-1"]
[WhiteElo "1855"]
[BlackElo "1933"]
[PlyCount "100"]
[EventDate "2006.04.21"]
[EventType "swiss"]
[EventRounds "5"]
[EventCountry "CAN"]

1. c4 e6 2. d4 f5 3. Nc3 Bb4 4. e3 Bxc3+ 5. bxc3 b6 6. Nf3 Nf6 7. Ba3 Ne4 8.
Ne5 Qf6 9. Qc2 d6 10. Nf3 Nd7 11. Bd3 Bb7 12. d5 Ndc5 13. Bxc5 Nxc5 14. Nd4 e5
15. Nb5 Nxd3+ 16. Qxd3 Qf7 17. Rb1 a6 18. Na3 f4 19. exf4 Qxf4 20. O-O O-O 21.
Rbe1 Bc8 22. Re3 Bf5 23. Qe2 Bg4 24. f3 Bh5 25. Re4 Qf6 26. Nb1 Bg6 27. Re3
Bxb1 28. Rxb1 Qg6 29. Rf1 Rf6 30. Re4 a5 31. a4 Raf8 32. Rf2 Qe8 33. Qc2 Qd7
34. Rh4 h6 35. Re4 R8f7 36. Rg4 Qxg4 37. fxg4 Rxf2 38. Qxf2 Rxf2 39. Kxf2 Kf7
40. h4 Ke7 41. Ke3 Kd7 42. Ke4 c6 43. g3 g6 44. g5 hxg5 45. hxg5 Kc7 46. g4 Kd7
47. Kd3 cxd5 48. cxd5 b5 49. axb5 a4 50. c4 a3 0-1

[Event "Mating Season op"]
[Site "Winnipeg CAN"]
[Date "2006.04.23"]
[Round "4"]
[White "Tang, Edward"]
[Black "Prince, Colin"]
[Result "1/2-1/2"]
[WhiteElo "1995"]
[BlackElo "1876"]
[PlyCount "97"]
[EventDate "2006.04.21"]
[EventType "swiss"]
[EventRounds "5"]
[EventCountry "CAN"]

1. d4 Nf6 2. c4 g6 3. Nc3 Bg7 4. e4 O-O 5. Nf3 d6 6. Be2 c6 7. O-O e5 8. Re1 a5
9. h3 Na6 10. Bg5 h6 11. Be3 Nd7 12. Qd2 Kh7 13. Rad1 f5 14. dxe5 dxe5 15. exf5
gxf5 16. Qc2 Qf6 17. Nh2 Ndc5 18. f4 e4 19. Bd4 Qg6 20. Bxg7 Rg8 21. a3 Rxg7
22. Bf1 Be6 23. Re3 Rag8 24. g3 Qh5 25. Qf2 Qf7 26. Rd4 Nb3 27. Rd6 Qe7 28. Rd1
Qc5 29. Bg2 Rxg3 30. Rxg3 Rxg3 31. Nf1 Rg7 32. Qxc5 Naxc5 33. Ne3 Nd3 34. Ne2
a4 35. Nc3 Rg3 36. Nf1 Rg7 37. Kh2 Nxf4 38. Bh1 Bxc4 39. Ne3 Be6 40. Rf1 Nd5
41. Nxf5 Nd2 42. Rd1 Bxf5 43. Rxd2 e3 44. Re2 Nxc3 45. bxc3 Re7 46. Kg3 Bd3 47.
Re1 Bc4 48. Bf3 Kg6 49. Kf4 1/2-1/2

[Event "Mating Season op"]
[Site "Winnipeg CAN"]
[Date "2006.04.23"]
[Round "4"]
[White "Wasserman, Leor"]
[Black "Moffat, Ron"]
[Result "0-1"]
[WhiteElo "1337"]
[BlackElo "1722"]
[PlyCount "57"]
[EventDate "2006.04.21"]
[EventType "swiss"]
[EventRounds "5"]
[EventCountry "CAN"]

1. e4 c5 2. Nf3 e6 3. Nc3 Nc6 4. d4 cxd4 5. Nxd4 a6 6. Bc4 Qc7 7. Bb3 Nf6 8.
Bg5 Be7 9. O-O Na5 10. f4 Nxb3 11. axb3 d6 12. Qd2 h6 13. Bh4 Nxe4 14. Nxe4
Bxh4 15. Nf3 Be7 16. Rad1 d5 17. Nc3 O-O 18. Rfe1 Bb4 19. Qe3 Bd7 20. Ne5 Bc5
21. Rd4 f6 22. Nxd7 Qxd7 23. Qd2 e5 24. fxe5 fxe5 25. Rxe5 Qf7 26. Re1 Rae8 27.
Ra1 Re5 28. h3 Rf5 29. Kh2 0-1

[Event "Mating Season op"]
[Site "Winnipeg CAN"]
[Date "2006.04.23"]
[Round "4"]
[White "Wiebe, Daniel"]
[Black "Anderson, George"]
[Result "0-1"]
[WhiteElo "1231"]
[BlackElo "1524"]
[PlyCount "94"]
[EventDate "2006.04.21"]
[EventType "swiss"]
[EventRounds "5"]
[EventCountry "CAN"]

1. e4 e6 2. Nf3 d5 3. exd5 exd5 4. d4 Nc6 5. Be3 Bb4+ 6. Nbd2 Bg4 7. a3 Be7 8.
g3 Nf6 9. Bg2 Ne4 10. c4 Nxd2 11. Qxd2 dxc4 12. d5 Bxf3 13. Bxf3 Ne5 14. Be2 b5
15. Bf4 Bf6 16. O-O Qd6 17. Rfe1 O-O 18. Bxe5 Bxe5 19. Bf3 Rad8 20. Ra2 c6 21.
Qa5 Bd4 22. dxc6 Qc5 23. Re2 Qb6 24. Qxb6 Bxb6 25. a4 b4 26. a5 Bc5 27. a6 Rfe8
28. Ra5 Rxe2 29. Bxe2 Bb6 30. Rb5 c3 31. Rxb4 c2 32. Rc4 Rd1+ 33. Kg2 c1=Q 34.
Rxc1 Rxc1 35. Bb5 Rb1 36. Kf3 Rxb2 37. Be2 Kf8 38. h4 Ke7 39. Bd3 Rxf2+ 40. Kg4
h6 41. Bf5 Bc7 42. Bc8 Rg2 43. Kh5 Rxg3 44. Bd7 g6+ 45. Kxh6 f5 46. h5 gxh5 47.
Kxh5 f4 0-1

[Event "Mating Season op"]
[Site "Winnipeg CAN"]
[Date "2006.04.23"]
[Round "5"]
[White "Anderson, George"]
[Black "Milord, Frank"]
[Result "0-1"]
[WhiteElo "1524"]
[BlackElo "1567"]
[PlyCount "92"]
[EventDate "2006.04.21"]
[EventType "swiss"]
[EventRounds "5"]
[EventCountry "CAN"]

1. e4 c5 2. b4 cxb4 3. d4 d5 4. e5 Nc6 5. a3 e6 6. Nf3 Qc7 7. Bd3 bxa3 8. Nxa3
Nb4 9. O-O Nxd3 10. Qxd3 Bd7 11. c4 Ne7 12. Nb5 Bxb5 13. cxb5 Ng6 14. Ba3 Bxa3
15. Rxa3 O-O 16. Rc3 Qd7 17. Rfc1 Rfc8 18. g3 Rxc3 19. Rxc3 Rc8 20. Rxc8+ Qxc8
21. Qa3 a6 22. b6 Qc6 23. Qd6 Qxd6 24. exd6 Kf8 25. Kf1 Ke8 26. Ke2 f6 27. Kd3
Kd7 28. Nd2 Kxd6 29. Nb3 Kc6 30. f4 f5 31. h3 h5 32. Kc3 Nf8 33. Kb4 Kxb6 34.
Na5 Nd7 35. Nb3 Ka7 36. Na5 Nf6 37. Nb3 Ne4 38. Nc5 Nxc5 39. Kxc5 b6+ 40. Kd6
a5 41. Kxe6 a4 42. Kf7 a3 43. Kxg7 a2 44. Kg6 a1=Q 45. Kxf5 Qxd4 46. Kg5 Qe3
0-1